Normal view
MARC view
- Rida Fatima (00000170395)
Entry Personal Name
001 - CONTROL NUMBER
- control field: 116399
003 - CONTROL NUMBER IDENTIFIER
- control field: NUST
005 - DATE AND TIME OF LATEST TRANSACTION
- control field: 20230912165941.0
008 - FIXED-LENGTH DATA ELEMENTS
- fixed length control field: 230912|| aca||aabn | a|a d
040 ## - CATALOGING SOURCE
- Original cataloging agency: NUST
- Transcribing agency: NUST
100 ## - HEADING--PERSONAL NAME
- Personal name: Rida Fatima (00000170395)
670 ## - SOURCE DATA FOUND
- Source citation: Work cat.: (NUST): Rida Fatima (00000170395), Electrical modelling and emulation of high power lithium-ion battery /, 2018
